A legnagyobb kincs a földön

Bibliographic Details
Format: Article
Language:Hungarian
PhysicalDescription:Fotogr.
ISSN:1335-6534
Subjects:

MARC

LEADER 00000nab a2200000 a 4500
001 vtls010651986
003 SK-MaSNL
005 20260319071111.0
008 150204|2015 xo w| 000 02hun
015 |a SNBRB2015/01 
038 |a DSZK 
040 |a DSZK  |b slo  |c DSZK  |e AACR2 
041 0 |a hun 
044 |a xo  |c SK 
080 |a 27-36  |2 2001 
080 |a 616-051  |2 2001 
245 0 0 |a A legnagyobb kincs a földön  |c [szerző] (ma) 
300 |b Fotogr. 
500 |a Článok bol uverejnený aj v časopise Csallóköz=Žitný ostrov. - Évf. 55, sz. 6 (2015), o. 18 
600 1 7 |a Batthyány-Strattmann, László,  |c blahoslavený,  |d 1870-1931  |2 SNKMA  |9 154206 
648 7 |a 2015  |2 dszk  |9 337775 
650 0 7 |a blahoslavení  |2 SNKPH  |9 114735 
650 0 7 |a lekári  |2 SNKPH  |9 3195 
650 0 7 |a slávnostné omše  |2 dszk  |9 1090554 
651 7 |a Horný Bar (Slovensko)  |2 SNKPHgeo  |9 120052 
773 0 |t Remény  |g Évf. XXVI, sz. 6 (2015), o. 9  |x 1335-6534 
852 |a DSZK  |b KIS3GCP 
958 |a HU 
958 |a SK 
958 |a NT 
999 |c 1797521  |d 1799451